Kader 1. FC Köln - Statistiken

Allgemein
  • Dieses Quiz wurde 681 mal gespielt
    453 seit der letzten Aktualisierung
  • Das Durchschnittsergebnis liegt bei 17 aus 34
Antwortstatistiken
# Spieler % Korrekt
1 Marvin Schwäbe
96%
11 Florian Kainz
84%
4 Timo Hübers
82%
27 Davie Selke
78%
2 Benno Schmitz
73%
24 Julian Chabot
73%
37 Linton Maina
73%
6 Eric Martel
71%
7 Dejan Ljubicic
70%
29 Jan Thielmann
68%
21 Steffen Tigges
67%
15 Luca Kilian
65%
Steffen Baumgart
64%
13 Mark Uth
63%
9 Luca Waldschmidt
61%
8 Denis Huseinbasic
60%
23 Sargis Adamyan
52%
42 Damion Downs
50%
17 Leart Paqarada
50%
22 Jacob Christensen
47%
-- Max Finkgräfe
46%
33 Florian Dietz
45%
44 Matthias Köbbing
44%
47 Mathias Olesen
41%
38 Elias Bakatukanda
29%
5 Nikola Soldo
28%
12 Jonas Nickisch
26%
34 Noah Katterbach
26%
3 Kristian Pedersen
22%
19 Dimitrios Limnios
21%
-- Meiko Wäschenbach
20%
43 Maximilian Schmid
15%
-- Emin Kujovic
6%
46 Rijad Smajic
6%
Keine übereinstimmenden Quizze gefunden
Verteilung der Resultate
Anzahl Personen mit jedem Resultat
Perzentil nach korrekt beantworteten Fragen
Ihre Resultats-Entwicklung
Sie haben dieses Quiz seit der letzten Aktualisierung nicht gespielt